| 000 | 00661nam a2200217 a 4500 | ||
|---|---|---|---|
| 001 | 2315 | ||
| 003 | CDMR | ||
| 005 | 20131204125508.0 | ||
| 008 | 130130s1982||||||||||||||||||||||||||||d | ||
| 020 | _a842521100X | ||
| 040 |
_aCDMR _bcat _cCDMR |
||
| 100 | 1 |
_aDoelker, Christian _91734 |
|
| 245 | 1 | 3 |
_aLa realidad manipulada _b: radio, televisión ,cine, prensa _cChristian Doelker |
| 260 |
_aBarcelona _c1982 _bGustavo Gili |
||
| 300 | _a212 p. | ||
| 490 | 0 | _aPunto y Línea | |
| 650 | 0 | 4 |
_93243 _aMitjans de comunicació de massa _xManipulació |
| 650 | 0 | 4 |
_94446 _aPersuasió (Psicologia) |
| 650 | 0 | 4 |
_92367 _aComunicació _xAspectes psicològics |
| 942 |
_cMON _2udc |
||
| 999 |
_c2315 _d2315 |
||